000 00825nam a2200265Ia 4500
003 OSt
005 20220928130207.0
006 a|||||r|||| 00| 0
007 ta
008 220927b |||||||| |||| 00| 0 eng d
020 _cUKP 130.00
024 _a132878
037 _b1348, 08/03/2017, Bright Book Service
_cTextual
040 _aSDCL
_cSDCL
_beng
041 _2eng
_aeng
082 _aQ22, Q6
100 _aHanquinet Laurie Ed.
_9473094
245 0 _aRoutledge international handbook of the sociology of art and culture
260 _aLondon
_bRoutledge
_c2016
300 _axx,479p.
_ccm.
650 _aEnglish
700 _a Savage Mike Ed.
_9473095
942 _hQ22, Q6
_cTEXL
_2CC
999 _c785625
_d785625